000 00754nam a2200229 a 4500
999 _c12311
_d12311
001 12311
003 BD-JhCC
005 20211021081617.0
008 211021s2012 bg |||| |||| 000 0 ben d
020 _a9789848557129
035 _a(BD-JhCC)12311
040 _aBD-JhCC
_dBD-JhCC
041 _aben
082 _a352.63095492
_bCHO 2012
100 _aচৌধুরী, মতিউর রহমান
245 _aকূটনীতির অন্দরমহল /
_cমতিউর রহমান চৌধুরী
260 _aসূচীপত্র,
_bঢাকা :
_c২০১২।
300 _a২৩৯ পৃ. :
_c২০ সেমি.
650 _aBureaucracy
_zBangladesh
650 _aPolitics and government
942 _2ddc
_cBK